Word Ladder: Rough Terrain Indeed Quiz Stats

Quiz Updated Dec 13, 2016

Challenge
Share
Tweet
Embed
Score 0/28 Timer 03:00
1 Play Today
Clue 4-Letter Word % Correct
Dismiss from a jobFIRE
96.8%
Locate or discoverFIND
94%
Comprehend written textREAD
93.1%
Supply with nourishing substancesFEED
92.1%
'Walk On The Wild Side' singer Lou ____REED
91.5%
Path between two places
• [8]+[19] Anger at fellow vehicular commuters •
• ROAD •
91.2%
Loose soil, dust, etc.
• [1]+[8] Unpaved path for vehicles •
• DIRT •
90.6%
Extremely bad or seriousDIRE
90.5%
It's found on beaches and in hourglassesSAND
89.6%
Thin and delicateFINE
89.5%
Attempt to repel; cope by oneselfFEND
88.7%
Travel widely but aimlesslyROAM
87%
Champagne overflowFOAM
86.5%
Of sound mind; sensibleSANE
86.3%
Clue 4-Letter Word % Correct
Word that can follow 'fishing,' 'poverty,' and 'pickup'LINE
85.8%
Resolute corporation?FIRM
83.5%
Shape, manifestation, configuration; not substanceFORM
82.8%
Narrow path, or division of a wider pathLANE
81.7%
Uncontrollable violent fury
• [8]+[19] UK Top 5 chart hit in 1998 for Catatonia •
• RAGE •
79.4%
Conveyed verbally; Egyptian 'Port' citySAID
78.9%
Completely quench a desireSATE
74.8%
Evaluate the standard of somethingRATE
73.9%
Metallic confinement structureCAGE
72%
Moved smoothly across a surfaceSLID
71.4%
Strike with a slender stickCANE
70.6%
Laceration, typically long and narrowSLIT
68.7%
Set of clothes; outfit or costumeSUIT
59%
Permanently depart or conclude
• [19]+[28] Cease an activity in a fit of pique •
• QUIT •
41.4%

Today's Daily Dose

Word Ladder
'90s Movies

Quick Pick
'Fire' Movies

On This Day
June 19th II

You're not logged in!

Compare scores with friends on all Sporcle quizzes.
Join for Free
OR
Log In

You Might Also Like...

Show Comments

Extras

Top Quizzes Today


Score Distribution

Your Account Isn't Verified!

In order to create a playlist on Sporcle, you need to verify the email address you used during registration. Go to your Sporcle Settings to finish the process.

Report this User

Report this user for behavior that violates our Community Guidelines.

Details: